| 000 | 01157nam a2200313 a 4500 | ||
|---|---|---|---|
| 001 | 000116313 | ||
| 003 | CHAP | ||
| 005 | 20220329144610.0 | ||
| 008 | 191129s2019 mx a |sm |||||||spa d | ||
| 010 | _a112774 | ||
| 011 | _a113746 | ||
| 040 | _cCHAP | ||
| 090 | _aTesis | ||
| 100 | 1 |
_aGómez Díaz, José Rafael. _9137138 |
|
| 245 | 1 | 0 |
_aAnálisis de la inversión extranjera directa y crecimiento económico en México (2008-2018) _h[En línea] _cpor José Rafael Gómez Díaz. |
| 260 |
_aChapingo, Méx. : _bEl autor, _c2019. |
||
| 500 | _aPara ver el contenido del material haga clic en la liga | ||
| 502 | _aTesis (Licenciado en Economia) -- UACH. División de Ciencias Econommico-Administrativas | ||
| 590 |
_aE6339RRR _b05 _c20191129 _lUCH01 _h1028 |
||
| 590 |
_aE6339RRR _b05 _c20191129 _lUCH01 _h1028 |
||
| 650 | 1 | 4 |
_aDesarrollo económico _zMéxico. _9126104 |
| 650 | 1 | 4 |
_aFinanzas _xMéxico. _940943 |
| 650 | 1 | 4 |
_aInversiones extranjeras _xMéxico. _960200 |
| 650 | 1 | 4 |
_aMéxico _xRelaciones exteriores. _976785 |
| 856 |
_aFinding aid _uhttp://10.13.5.2/tesis/sist116313.pdf _zTeclea aquí |
||
| 901 | _aBK | ||
| 942 | _cTESIS | ||
| 942 | _n0 | ||
| 999 |
_c112774 _d112774 |
||